Top 20 des chansons les plus écouter de Jok'air - Statistiques

Statistiques générales
  • Ce quiz a été pris 202 fois
  • Le résultat moyen est 7 sur 20
Statistiques - réponses
Rangs Chansons Streams % Correct
1 Las Vegas 92,943,833
90%
5 Nos souvenirs 39,216,514
82%
3 Bonbon à la menthe 55,384,941
81%
19 Big Daddy Jok 9,931,536
73%
6 Abdomen 35,489,500
68%
9 Quoi de neuf bébé 24,794,860
54%
11 Comme tu es 21,345,978
47%
4 Elles ont trop joué avec mon cœur 54,730,047
36%
17 Sensualité 11,424,437
35%
10 Mon survet 23,575,737
34%
12 Ce n'est pas sérieux 18,170,842
24%
20 Cambrure 9,092,726
21%
14 Club des 27 15,591,427
21%
2 La meilleure 77,012,922
16%
15 Gogo 15,162,650
15%
13 Clic clac bang bang 17,025,025
10%
18 Maintenant 10,687,545
10%
7 PLUG 27,517,750
10%
8 Squale (feat. Chich) 27,220,602
6%
16 Indépendante (feat. Debbie Sparrow) 12,116,904
5%
Aucun quiz correspondant
Distribution des résultats
% des personnes avec chaque résultat
Percentile par nombre de réponses
Votre historique - résultats
Vous n’avez pas pris ce quiz